[Event "South Island Championships 2023"]
[Site "Oamaru, New Zealand"]
[Date "????.??.??"]
[Round "7.1"]
[White "McNabb, Matthew D"]
[Black "Lee, Edward S"]
[Result "1/2-1/2"]
[TimeControl "90 + 30"]
[WhiteFideId "4300823"]
[BlackFideId "4303229"]
[WhiteElo "2236"]
[BlackElo "2088"]

1. d4 {[%clk 01:30:56]} {[%emt 00:00:03]} f5 {[%clk 01:30:54]} {[%emt
00:00:06]} 2. g4 {[%clk 01:31:18]} {[%emt 00:00:09]} fxg4 {[%clk 01:31:17]}
{[%emt 00:00:07]} 3. h3 {[%clk 01:31:44]} {[%emt 00:00:04]} d5 {[%clk
01:31:40]} {[%emt 00:00:06]} 4. Bf4 {[%clk 01:30:53]} {[%emt 00:01:21]} Nf6
{[%clk 01:30:46]} {[%emt 00:01:25]} 5. Nc3 {[%clk 01:28:09]} {[%emt 00:03:14]}
a6 {[%clk 01:29:34]} {[%emt 00:01:42]} 6. Bg2 {[%clk 01:28:03]} {[%emt
00:00:36]} Nc6 {[%clk 01:28:54]} {[%emt 00:01:10]} 7. Bg5 {[%clk 01:21:11]}
{[%emt 00:07:22]} e6 {[%clk 01:24:06]} {[%emt 00:05:18]} 8. hxg4 {[%clk
01:21:02]} {[%emt 00:00:38]} Be7 {[%clk 01:24:29]} {[%emt 00:00:07]} 9. e3
{[%clk 01:15:58]} {[%emt 00:05:35]} b5 {[%clk 01:22:01]} {[%emt 00:02:57]} 10.
a3 {[%clk 01:14:59]} {[%emt 00:01:30]} Bb7 {[%clk 01:20:26]} {[%emt 00:02:05]}
11. f4 {[%clk 01:09:33]} {[%emt 00:05:56]} Qd6 {[%clk 01:14:26]} {[%emt
00:06:30]} 12. Bxf6 {[%clk 01:08:09]} {[%emt 00:01:53]} Bxf6 {[%clk 01:10:35]}
{[%emt 00:04:20]} 13. g5 {[%clk 00:59:03]} {[%emt 00:09:37]} Bxd4 {[%clk
01:05:37]} {[%emt 00:05:28]} 14. exd4 {[%clk 00:58:23]} {[%emt 00:01:10]} Qxf4
{[%clk 01:05:59]} {[%emt 00:00:07]} 15. Nce2 {[%clk 00:54:26]} {[%emt
00:04:28]} Qxg5 {[%clk 01:05:42]} {[%emt 00:00:46]} 16. Bf3 {[%clk 00:42:26]}
{[%emt 00:12:31]} e5 {[%clk 00:43:37]} {[%emt 00:22:35]} 17. Qd2 {[%clk
00:29:03]} {[%emt 00:13:53]} Qxd2+ {[%clk 00:22:52]} {[%emt 00:21:15]} 18. Kxd2
{[%clk 00:29:21]} {[%emt 00:00:12]} O-O-O {[%clk 00:23:01]} {[%emt 00:00:20]}
19. Bg4+ {[%clk 00:21:42]} {[%emt 00:08:10]} Kb8 {[%clk 00:23:15]} {[%emt
00:00:16]} 20. Nf3 {[%clk 00:21:55]} {[%emt 00:00:18]} Nxd4 {[%clk 00:18:17]}
{[%emt 00:05:28]} 21. Nexd4 {[%clk 00:19:48]} {[%emt 00:02:36]} exd4 {[%clk
00:18:39]} {[%emt 00:00:08]} 22. Rae1 {[%clk 00:17:34]} {[%emt 00:02:44]} Rdf8
{[%clk 00:17:46]} {[%emt 00:01:23]} 23. Re7 {[%clk 00:15:24]} {[%emt 00:02:40]}
d3 {[%clk 00:09:22]} {[%emt 00:08:54]} 24. Ne5 {[%clk 00:15:04]} {[%emt
00:00:50]} Rf4 {[%clk 00:06:35]} {[%emt 00:03:16]} 25. Kxd3 {[%clk 00:14:11]}
{[%emt 00:01:23]} c5 {[%clk 00:05:14]} {[%emt 00:01:51]} 26. Rxg7 {[%clk
00:06:14]} {[%emt 00:08:27]} Rd4+ {[%clk 00:04:20]} {[%emt 00:01:25]} 27. Kc3
{[%clk 00:06:17]} {[%emt 00:00:27]} Rxg4 {[%clk 00:04:13]} {[%emt 00:00:36]} 28.
Rxb7+ {[%clk 00:05:43]} {[%emt 00:01:06]} Kxb7 {[%clk 00:04:04]} {[%emt
00:00:38]} 29. Nxg4 {[%clk 00:06:10]} {[%emt 00:00:03]} h5 {[%clk 00:04:22]}
{[%emt 00:00:11]} 30. Nf6 {[%clk 00:03:11]} {[%emt 00:03:30]} d4+ {[%clk
00:04:34]} {[%emt 00:00:18]} 31. Kd3 {[%clk 00:03:37]} {[%emt 00:00:04]} h4
{[%clk 00:04:57]} {[%emt 00:00:07]} 32. Rh3 {[%clk 00:02:38]} {[%emt 00:01:29]}
Kc6 {[%clk 00:05:21]} {[%emt 00:00:06]} 33. b4 {[%clk 00:02:37]} {[%emt
00:00:32]} a5 {[%clk 00:04:03]} {[%emt 00:01:48]} 34. bxc5 {[%clk 00:02:02]}
{[%emt 00:01:05]} Kxc5 {[%clk 00:04:24]} {[%emt 00:00:08]} 35. Ne4+ {[%clk
00:01:36]} {[%emt 00:00:55]} Kd5 {[%clk 00:04:45]} {[%emt 00:00:09]} 36. Ng5
{[%clk 00:01:59]} {[%emt 00:00:08]} Rg8 {[%clk 00:03:43]} {[%emt 00:01:32]} 37.
Ne4 {[%clk 00:01:31]} {[%emt 00:00:59]} Rh8 {[%clk 00:04:06]} {[%emt 00:00:06]}
38. Ng5 {[%clk 00:01:40]} {[%emt 00:00:21]} Rg8 {[%clk 00:04:29]} {[%emt
00:00:06]} 39. Ne4 {[%clk 00:00:49]} {[%emt 00:01:21]} Rh8 {[%clk 00:04:54]}
{[%emt 00:00:05]} 40. Ng5 {[%clk 00:00:53]} {[%emt 00:00:27]} Rg8 {[%clk
00:05:15]} {[%emt 00:00:09]} 41. Ne4 {[%clk 00:01:21]} {[%emt 00:00:02]} Rh8
{[%clk 00:05:41]} {[%emt 00:00:04]} 1/2-1/2

[Event "South Island Championships 2023"]
[Site "Oamaru, New Zealand"]
[Date "????.??.??"]
[Round "7.7"]
[White "Coleman, Phil"]
[Black "Lukey, Stephen G"]
[Result "0-1"]
[TimeControl "90 + 30"]
[WhiteFideId "4319443"]
[BlackFideId "4300386"]
[WhiteElo "1872"]
[BlackElo "2307"]

1. e4 {[%clk 01:30:58]} {[%emt 00:00:02]} e6 {[%clk 01:22:37]} {[%emt
00:08:23]} 2. Nf3 {[%clk 01:30:48]} {[%emt 00:00:40]} d5 {[%clk 01:22:22]}
{[%emt 00:00:44]} 3. Nc3 {[%clk 01:31:06]} {[%emt 00:00:12]} Nf6 {[%clk
01:22:31]} {[%emt 00:00:21]} 4. exd5 {[%clk 01:31:04]} {[%emt 00:00:33]} exd5
{[%clk 01:22:55]} {[%emt 00:00:06]} 5. d4 {[%clk 01:31:21]} {[%emt 00:00:13]}
Bd6 {[%clk 01:22:59]} {[%emt 00:00:26]} 6. Be2 {[%clk 01:30:25]} {[%emt
00:01:25]} h6 {[%clk 01:22:32]} {[%emt 00:00:58]} 7. h3 {[%clk 01:30:28]}
{[%emt 00:00:26]} c6 {[%clk 01:22:32]} {[%emt 00:00:30]} 8. Be3 {[%clk
01:30:22]} {[%emt 00:00:36]} Bf5 {[%clk 01:22:45]} {[%emt 00:00:17]} 9. Qd2
{[%clk 01:24:13]} {[%emt 00:06:40]} Qc7 {[%clk 01:21:31]} {[%emt 00:01:43]} 10.
O-O-O {[%clk 01:19:29]} {[%emt 00:05:14]} Nbd7 {[%clk 01:20:27]} {[%emt
00:01:34]} 11. Rhe1 {[%clk 01:17:45]} {[%emt 00:02:14]} O-O-O {[%clk 01:20:49]}
{[%emt 00:00:09]} 12. Kb1 {[%clk 01:13:01]} {[%emt 00:05:13]} Bb4 {[%clk
01:14:01]} {[%emt 00:07:18]} 13. Bd3 {[%clk 01:12:26]} {[%emt 00:01:06]} Bxd3
{[%clk 01:14:18]} {[%emt 00:00:13]} 14. cxd3 {[%clk 01:10:43]} {[%emt
00:02:13]} Rhe8 {[%clk 01:10:42]} {[%emt 00:04:05]} 15. Rc1 {[%clk 01:10:14]}
{[%emt 00:01:00]} a6 {[%clk 01:09:11]} {[%emt 00:02:00]} 16. Bf4 {[%clk
01:01:49]} {[%emt 00:08:55]} Bd6 {[%clk 01:09:09]} {[%emt 00:00:32]} 17. Be3
{[%clk 00:59:42]} {[%emt 00:02:38]} Qa5 {[%clk 00:59:37]} {[%emt 00:10:02]} 18.
Qc2 {[%clk 00:57:14]} {[%emt 00:02:58]} Bb4 {[%clk 00:52:14]} {[%emt 00:07:53]}
19. Qb3 {[%clk 00:56:37]} {[%emt 00:01:06]} Re7 {[%clk 00:46:08]} {[%emt
00:06:36]} 20. Re2 {[%clk 00:55:14]} {[%emt 00:01:53]} Rde8 {[%clk 00:42:55]}
{[%emt 00:03:43]} 21. Rec2 {[%clk 00:54:05]} {[%emt 00:01:40]} Bxc3 {[%clk
00:32:44]} {[%emt 00:10:41]} 22. Rxc3 {[%clk 00:53:07]} {[%emt 00:01:28]} Re6
{[%clk 00:31:36]} {[%emt 00:01:38]} 23. Bf4 {[%clk 00:45:18]} {[%emt 00:08:18]}
g5 {[%clk 00:31:15]} {[%emt 00:00:50]} 24. Be5 {[%clk 00:44:26]} {[%emt
00:01:22]} Nh7 {[%clk 00:27:16]} {[%emt 00:04:28]} 25. g4 {[%clk 00:38:05]}
{[%emt 00:06:51]} Nhf8 {[%clk 00:24:00]} {[%emt 00:03:46]} 26. Bg3 {[%clk
00:31:48]} {[%emt 00:06:48]} Ng6 {[%clk 00:24:26]} {[%emt 00:00:05]} 27. h4
{[%clk 00:27:52]} {[%emt 00:04:25]} gxh4 {[%clk 00:16:32]} {[%emt 00:08:25]} 28.
Bxh4 {[%clk 00:24:08]} {[%emt 00:04:14]} Nf4 {[%clk 00:16:43]} {[%emt
00:00:18]} 29. Ng1 {[%clk 00:21:46]} {[%emt 00:02:51]} Re1 {[%clk 00:15:57]}
{[%emt 00:01:17]} 30. f3 {[%clk 00:18:14]} {[%emt 00:04:02]} Rxc1+ {[%clk
00:16:10]} {[%emt 00:00:16]} 31. Rxc1 {[%emt 00:00:22]} Qd2 {[%emt 00:01:04]}
32. Bg3 {[%clk 00:11:57]} {[%emt 00:05:22]} Nxd3 {[%clk 00:11:06]} {[%emt
00:05:34]} 33. Rd1 {[%clk 00:09:15]} {[%emt 00:03:11]} Qg2 {[%clk 00:10:48]}
{[%emt 00:00:49]} 34. Qxd3 {[%clk 00:08:42]} {[%emt 00:01:03]} Qxg3 {[%clk
00:11:12]} {[%emt 00:00:05]} 35. Ne2 {[%clk 00:08:09]} {[%emt 00:01:04]} Qf2
{[%clk 00:10:52]} {[%emt 00:00:50]} 36. Nc3 {[%clk 00:04:39]} {[%emt 00:04:00]}
Re3 {[%clk 00:10:19]} {[%emt 00:01:03]} 37. Qh7 {[%clk 00:04:20]} {[%emt
00:00:49]} Qxf3 {[%clk 00:10:17]} {[%emt 00:00:33]} 38. Rg1 {[%clk 00:03:30]}
{[%emt 00:01:19]} Re6 {[%clk 00:06:43]} {[%emt 00:04:01]} 39. Rc1 {[%clk
00:01:37]} {[%emt 00:02:25]} Kb8 {[%clk 00:05:41]} {[%emt 00:01:32]} 40. Qg8+
{[%clk 00:01:30]} {[%emt 00:00:38]} Ka7 {[%clk 00:05:35]} {[%emt 00:00:35]} 41.
Qd8 {[%clk 00:01:44]} {[%emt 00:00:17]} Nb6 {[%clk 00:05:31]} {[%emt 00:00:34]}
42. a4 {[%clk 00:01:46]} {[%emt 00:00:29]} Qd3+ {[%clk 00:02:58]} {[%emt
00:03:02]} 43. Ka2 {[%clk 00:01:45]} {[%emt 00:00:32]} a5 {[%clk 00:02:54]}
{[%emt 00:00:34]} 44. b4 {[%clk 00:00:41]} {[%emt 00:01:34]} Qc4+ {[%clk
00:03:18]} {[%emt 00:00:05]} 0-1

[Event "South Island Championships 2023"]
[Site "Oamaru, New Zealand"]
[Date "????.??.??"]
[Round "7.5"]
[White "Liu, William Rui"]
[Black "Cummings, Nick"]
[Result "0-1"]
[TimeControl "90 + 30"]
[WhiteFideId "4313593"]
[BlackFideId "4301218"]
[WhiteElo "2094"]
[BlackElo "2094"]

1. e4 {[%clk 01:30:43]} {[%emt 00:00:16]} c6 {[%clk 01:30:48]} {[%emt
00:00:13]} 2. d4 {[%clk 01:31:07]} {[%emt 00:00:06]} d5 {[%clk 01:31:16]}
{[%emt 00:00:02]} 3. exd5 {[%clk 01:31:30]} {[%emt 00:00:08]} cxd5 {[%clk
01:31:45]} 4. Bd3 {[%clk 01:31:50]} {[%emt 00:00:09]} Nc6 {[%clk 01:32:09]}
{[%emt 00:00:06]} 5. c3 {[%clk 01:32:13]} {[%emt 00:00:07]} Qc7 {[%clk
01:32:35]} {[%emt 00:00:04]} 6. h3 {[%clk 01:32:10]} {[%emt 00:00:33]} g6
{[%clk 01:32:13]} {[%emt 00:00:51]} 7. Nf3 {[%clk 01:32:25]} {[%emt 00:00:15]}
Bf5 {[%clk 01:32:13]} {[%emt 00:00:30]} 8. O-O {[%clk 01:32:06]} {[%emt
00:00:49]} Bxd3 {[%clk 01:31:40]} {[%emt 00:01:04]} 9. Qxd3 {[%clk 01:32:28]}
{[%emt 00:00:08]} Nf6 {[%clk 01:31:12]} {[%emt 00:00:57]} 10. Ne5 {[%clk
01:31:04]} {[%emt 00:01:55]} e6 {[%clk 01:25:08]} {[%emt 00:06:34]} 11. Nd2
{[%clk 01:26:09]} {[%emt 00:05:25]} Nxe5 {[%clk 01:20:39]} {[%emt 00:05:00]} 12.
dxe5 {[%clk 01:26:25]} {[%emt 00:00:13]} Nd7 {[%emt 00:05:11]} 13. Nf3 {[%clk
01:25:24]} Bg7 {[%clk 01:14:44]} {[%emt 00:03:12]} 14. Bf4 {[%clk 01:23:08]}
{[%emt 00:02:47]} Nxe5 {[%clk 01:04:17]} {[%emt 00:10:57]} 15. Bxe5 {[%clk
01:04:34]} {[%emt 00:19:05]} Bxe5 {[%clk 01:04:26]} {[%emt 00:00:20]} 16. Rfe1
{[%clk 01:03:20]} {[%emt 00:01:45]} Bf6 {[%clk 01:00:14]} {[%emt 00:04:41]} 17.
Qxd5 {[%clk 01:03:22]} {[%emt 00:00:29]} O-O {[%clk 01:00:06]} {[%emt
00:00:37]} 18. Qe4 {[%clk 01:03:04]} {[%emt 00:00:48]} Rfd8 {[%clk 00:59:34]}
{[%emt 00:01:01]} 19. Rad1 {[%clk 01:02:07]} {[%emt 00:01:28]} a6 {[%clk
00:54:32]} {[%emt 00:05:32]} 20. a4 {[%clk 00:58:06]} {[%emt 00:04:31]} Qb6
{[%clk 00:48:15]} {[%emt 00:06:43]} 21. Qf4 {[%clk 00:55:01]} {[%emt 00:03:38]}
Kg7 {[%clk 00:46:57]} {[%emt 00:01:48]} 22. Rb1 {[%clk 00:52:25]} {[%emt
00:03:07]} Rac8 {[%clk 00:45:17]} {[%emt 00:02:09]} 23. h4 {[%clk 00:51:00]}
{[%emt 00:01:56]} h5 {[%clk 00:39:51]} {[%emt 00:05:54]} 24. Ng5 {[%clk
00:38:56]} {[%emt 00:12:36]} Rd5 {[%clk 00:34:19]} {[%emt 00:06:00]} 25. Re3
{[%clk 00:21:14]} {[%emt 00:18:14]} Rf5 {[%clk 00:25:09]} {[%emt 00:09:37]} 26.
Qg3 {[%clk 00:17:14]} {[%emt 00:04:32]} Bxg5 {[%clk 00:24:43]} {[%emt
00:00:56]} 27. hxg5 {[%clk 00:17:12]} {[%emt 00:00:32]} Rc4 {[%clk 00:20:26]}
{[%emt 00:04:46]} 28. Rf3 {[%clk 00:01:57]} {[%emt 00:15:47]} Rg4 {[%clk
00:19:31]} {[%emt 00:01:24]} 29. Qh3 {[%clk 00:02:09]} {[%emt 00:00:19]} Rfxg5
{[%clk 00:17:15]} {[%emt 00:02:45]} 30. Rd1 {[%clk 00:01:54]} {[%emt 00:00:46]}
Rxg2+ {[%clk 00:09:14]} {[%emt 00:08:30]} 31. Qxg2 Rxg2+ {[%clk 00:09:37]} 32.
Kxg2 {[%clk 00:02:28]} {[%emt 00:00:05]} Qc6 {[%clk 00:10:00]} {[%emt
00:00:07]} 33. Rd4 {[%clk 00:00:53]} {[%emt 00:02:04]} g5 {[%clk 00:10:24]}
{[%emt 00:00:07]} 34. Kg3 {[%clk 00:00:53]} {[%emt 00:00:30]} h4+ {[%clk
00:10:00]} {[%emt 00:00:54]} 35. Kg2 {[%clk 00:00:36]} {[%emt 00:00:48]} f5
{[%clk 00:10:00]} {[%emt 00:00:30]} 0-1

[Event "South Island Championships 2023"]
[Site "Oamaru, New Zealand"]
[Date "????.??.??"]
[Round "7.10"]
[White "Malcolm, Leo"]
[Black "Van Der Krogt, Adrian"]
[Result "1-0"]
[TimeControl "90 + 30"]
[WhiteFideId "4317408"]
[BlackFideId "4319567"]
[WhiteElo "1876"]
[BlackElo "1707"]

1. e4 {[%clk 01:30:58]} {[%emt 00:00:02]} e6 {[%clk 01:30:24]} {[%emt
00:00:37]} 2. d4 {[%clk 01:31:14]} {[%emt 00:00:14]} d5 {[%clk 01:30:52]}
{[%emt 00:00:01]} 3. e5 {[%clk 01:31:37]} {[%emt 00:00:07]} c5 {[%clk
01:30:47]} {[%emt 00:00:35]} 4. c3 {[%clk 01:32:03]} {[%emt 00:00:04]} Nc6
{[%clk 01:30:45]} {[%emt 00:00:32]} 5. Nf3 {[%clk 01:32:28]} {[%emt 00:00:05]}
Qb6 {[%clk 01:30:11]} {[%emt 00:01:04]} 6. Bd3 {[%clk 01:32:53]} {[%emt
00:00:05]} Bd7 {[%clk 01:30:33]} {[%emt 00:00:09]} 7. dxc5 {[%clk 01:33:07]}
{[%emt 00:00:16]} Bxc5 {[%clk 01:30:30]} {[%emt 00:00:33]} 8. O-O {[%clk
01:33:31]} {[%emt 00:00:05]} Qc7 {[%clk 01:26:24]} {[%emt 00:04:36]} 9. Qe2
{[%clk 01:30:58]} {[%emt 00:03:02]} Nge7 {[%clk 01:21:17]} {[%emt 00:05:37]} 10.
Bf4 {[%clk 01:28:06]} {[%emt 00:03:22]} a5 {[%clk 01:19:17]} {[%emt 00:02:31]}
11. a4 {[%clk 01:23:46]} {[%emt 00:04:50]} h6 {[%clk 01:16:04]} {[%emt
00:03:42]} 12. h4 {[%clk 01:21:33]} {[%emt 00:02:43]} Qb6 {[%clk 01:08:49]}
{[%emt 00:07:45]} 13. Na3 {[%clk 01:14:45]} {[%emt 00:07:18]} Bxa3 {[%clk
01:02:42]} {[%emt 00:06:36]} 14. Rxa3 {[%clk 01:14:17]} {[%emt 00:00:58]} Ng6
{[%clk 00:57:57]} {[%emt 00:05:16]} 15. Be3 {[%clk 01:11:28]} {[%emt 00:03:18]}
Qc7 {[%clk 00:58:18]} {[%emt 00:00:10]} 16. Bxg6 {[%clk 01:11:34]} {[%emt
00:00:24]} fxg6 {[%clk 00:58:47]} {[%emt 00:00:01]} 17. Qc2 {[%clk 01:11:53]}
{[%emt 00:00:11]} Ne7 {[%clk 00:57:54]} {[%emt 00:01:23]} 18. Rd1 {[%clk
01:08:31]} {[%emt 00:03:51]} O-O {[%clk 00:55:33]} {[%emt 00:02:52]} 19. Rd4
{[%clk 00:58:19]} {[%emt 00:10:42]} Rf5 {[%clk 00:50:51]} {[%emt 00:05:12]} 20.
c4 {[%clk 00:54:35]} {[%emt 00:04:14]} Bc6 {[%clk 00:37:15]} {[%emt 00:14:06]}
21. Rg4 {[%clk 00:50:41]} {[%emt 00:04:24]} Rc8 {[%clk 00:30:26]} {[%emt
00:07:19]} 22. Nd4 {[%clk 00:47:02]} {[%emt 00:04:09]} Rxe5 {[%clk 00:30:31]}
{[%emt 00:00:25]} 23. f4 {[%clk 00:46:48]} {[%emt 00:00:44]} Re4 {[%clk
00:29:41]} {[%emt 00:01:20]} 24. c5 {[%clk 00:28:28]} {[%emt 00:18:50]} Bd7
{[%clk 00:27:42]} {[%emt 00:02:29]} 25. Nb5 {[%clk 00:27:50]} {[%emt 00:01:08]}
Bxb5 {[%clk 00:21:40]} {[%emt 00:06:31]} 26. axb5 {[%clk 00:28:19]} {[%emt
00:00:02]} Nf5 {[%clk 00:20:06]} {[%emt 00:02:04]} 27. Bf2 {[%clk 00:25:23]}
{[%emt 00:03:26]} Rc4 {[%clk 00:12:35]} {[%emt 00:08:00]} 28. Qe2 {[%clk
00:24:32]} {[%emt 00:01:22]} Re4 {[%clk 00:12:41]} {[%emt 00:00:24]} 29. Qd3
{[%clk 00:24:47]} {[%emt 00:00:15]} Rxf4 {[%clk 00:10:56]} {[%emt 00:02:14]} 30.
Rxg6 {[%clk 00:23:57]} {[%emt 00:01:21]} Nxh4 {[%clk 00:10:17]} {[%emt
00:01:10]} 31. Rxe6 {[%clk 00:20:06]} {[%emt 00:04:19]} Rxf2 {[%clk 00:06:02]}
{[%emt 00:04:46]} 32. Kxf2 {[%clk 00:19:43]} {[%emt 00:00:53]} Rf8+ {[%clk
00:05:13]} {[%emt 00:01:19]} 33. Kg1 {[%clk 00:11:36]} {[%emt 00:08:36]} Qxc5+
{[%clk 00:05:29]} {[%emt 00:00:15]} 34. Kh2 {[%clk 00:10:33]} {[%emt 00:01:32]}
Qc7+ {[%clk 00:03:48]} {[%emt 00:02:11]} 35. Qg3 {[%clk 00:09:23]} {[%emt
00:01:41]} Qd7 {[%clk 00:03:06]} {[%emt 00:01:12]} 36. Re5 {[%clk 00:06:20]}
{[%emt 00:03:33]} Nf5 {[%clk 00:03:12]} {[%emt 00:00:23]} 37. Qd3 {[%clk
00:05:50]} {[%emt 00:01:01]} d4 {[%clk 00:03:18]} {[%emt 00:00:23]} 38. Rxa5
{[%clk 00:04:38]} {[%emt 00:01:43]} Qc7 {[%clk 00:03:33]} {[%emt 00:00:16]} 39.
b6 {[%clk 00:05:03]} {[%emt 00:00:04]} Qxb6 {[%clk 00:03:08]} {[%emt 00:00:55]}
40. Rxf5 {[%clk 00:04:36]} {[%emt 00:00:57]} Re8 {[%clk 00:02:13]} {[%emt
00:01:25]} 41. Rab5 {[%clk 00:03:40]} {[%emt 00:01:26]} Qd6+ {[%clk 00:02:27]}
{[%emt 00:00:15]} 42. Qg3 {[%clk 00:03:44]} {[%emt 00:00:26]} Qc6 {[%clk
00:02:07]} {[%emt 00:00:50]} 43. Rbc5 {[%clk 00:03:53]} {[%emt 00:00:22]} Qb6
{[%clk 00:02:15]} {[%emt 00:00:22]} 44. Rc7 {[%clk 00:04:06]} {[%emt 00:00:17]}
g5 {[%clk 00:01:52]} {[%emt 00:00:53]} 45. Rxg5+ {[%clk 00:04:25]} {[%emt
00:00:10]} Kh8 {[%clk 00:01:55]} {[%emt 00:00:28]} 46. Rg8+ {[%clk 00:04:31]}
{[%emt 00:00:24]} Rxg8 {[%clk 00:02:20]} {[%emt 00:00:04]} 47. Qe5+ {[%clk
00:04:58]} {[%emt 00:00:22]} 1-0

[Event "74th South Island Chess Championship"]
[Site "Oamaru NZL"]
[Date "2023.09.30"]
[Round "7.12"]
[White "Mischke, Andreas"]
[Black "Dolejs, Dan"]
[Result "1-0"]
[WhiteElo "1680"]
[BlackElo "1800"]

1. e4 d5 2. exd5 Nf6 3. Nf3 Nxd5 4. d4 Bg4 5. c3 e6 6. Bd3 c5 7. Qa4+ Qd7 8.
Bb5 Nc6 9. Ne5 Nb6 10. Nxd7 Nxa4 11. Ne5 a6 12. Bxa4 b5 13. Nxg4 bxa4 14. dxc5
h5 15. Ne3 Bxc5 16. Nd2 Ne5 17. Ndc4 Nd3+ 18. Ke2 Nf4+ 19. Kf3 g5 20. g3 Ng6
21. b3 f5 22. Nc2 g4+ 23. Kg2 h4 24. Re1 O-O-O 25. Bg5 Rd3 26. Rxe6 Bxf2 27.
Kxf2 hxg3+ 28. hxg3 Rf3+ 29. Ke1 Rh1+ 30. Kd2 Rh3 31. Rg1 f4 32. Bxf4 Nxf4 33.
gxf4 Rd3+ 34. Kc1 axb3 35. axb3 Rxc3 36. Ne3 g3 37. Rxa6 Rxb3 38. Rg6 Rh4 39.
f5 Rf4 40. R1xg3 Kd7 41. Rg2 Ke8 42. Rg7 Kf8 43. Kd2 Rb2 44. Rc7 Ra2 45. Kd3
Rf3 46. Rh2 Kg8 47. Ke4 Rg3 48. Rg2 Ra4+ 49. Kd5 Kh8 50. Rc8+ 1-0

[Event "74th South Island Chess Championship"]
[Site "Oamaru NZL"]
[Date "2023.09.30"]
[Round "7.13"]
[White "Summers, Paul G"]
[Black "Wilson, Dion A"]
[Result "1-0"]
[WhiteElo "1799"]
[BlackElo "1611"]

1. e4 e5 2. f4 exf4 3. Nf3 g5 4. h4 g4 5. Ne5 h5 6. Bc4 Nh6 7. d4 d6 8. Nd3 Be6
9. Bxe6 fxe6 10. Nxf4 Nf7 11. Nxe6 Qe7 12. d5 Bh6 13. Bxh6 Rxh6 14. Nc3 Nd8 15.
Qd2 Rf6 16. Qg5 Nxe6 17. Qxh5+ Kd8 18. dxe6 Qxe6 19. O-O-O Nd7 20. Qg5 c6 21.
Rdf1 Kc7 22. Rxf6 Nxf6 23. Qf5 Re8 24. Qxe6 Rxe6 25. h5 Re7 26. Kd2 Rh7 27. h6
Ng8 28. Rh4 Rxh6 29. Rxg4 Nf6 30. Rg7+ Nd7 31. g4 Rh2+ 32. Ne2 Kd8 33. Ke3 Ne5
34. Nd4 b5 35. Kf4 Rg2 36. Kf5 c5 37. Nxb5 Rxc2 38. Ke6 Kc8 39. Nxd6+ Kb8 40.
Kxe5 Rxb2 41. Kd5 Rc2 42. Rb7+ Ka8 43. Rc7 a5 44. Kc6 1-0

[Event "74th South Island Chess Championship"]
[Site "Oamaru NZL"]
[Date "2023.09.30"]
[Round "7.14"]
[White "Barry, Jacob"]
[Black "Koentges, Thomas"]
[Result "1-0"]
[WhiteElo "1565"]
 * 
[BlackElo "1773"]

1. Nf3 f5 2. Nc3 Nf6 3. d4 e6 4. Bg5 d5 5. e3 Be7 6. Bxf6 Bxf6 7. Bd3 c6 8. h3
h5 9. Nh2 Qc7 10. Qf3 c5 11. dxc5 Bxc3+ 12. bxc3 Qxc5 13. Kd2 Nc6 14. Qg3 Qe7
15. Qg6+ Qf7 16. Qxf7+ Kxf7 17. f4 e5 18. fxe5 Nxe5 19. Nf3 Nxf3+ 20. gxf3 Be6
21. h4 Rac8 22. Rhg1 a6 23. Rg3 g6 24. Rb1 b5 25. Rbg1 Rc6 26. Rxg6 Rhc8 27.
Rh6 Rxc3 28. Rxh5 { scoresheets unable to be followed past this point} 1-0

[Event "74th South Island Chess Championship"]
[Site "Oamaru NZL"]
[Date "2023.09.30"]
[Round "7.15"]
[White "Fairley, Natasha"]
[Black "Holdo, Karl"]
[Result "0-1"]
[WhiteElo "1771"]
[BlackElo "1551"]

1. e4 c5 2. Nf3 d6 3. g3 g6 4. Bg2 Bg7 5. c3 Nf6 6. d3 O-O 7. O-O Nc6 8. Bg5 h6
9. Bxf6 Bxf6 10. Qc1 Kg7 11. Nbd2 Rb8 12. Qc2 b5 13. a3 a5 14. Rab1 Bd7 15. b4
axb4 16. axb4 cxb4 17. cxb4 Qb6 18. e5 Nxe5 19. Nxe5 Bxe5 20. Nf3 Bf6 21. Qe2
Be6 22. Qe3 Qxe3 23. fxe3 Rfc8 24. Rfc1 Ba2 25. Rxc8 Rxc8 26. Rf1 Bb3 27. Nd4
Bxd4 28. exd4 Rc3 29. Rf3 Bd5 30. Re3 Bxg2 31. Kxg2 Kf6 32. d5 Rb3 33. Rf3+ Kg7
34. Re3 Kf8 35. Kf3 Rxb4 36. Re4 Rb2 37. h4 b4 38. Rc4 Rb1 39. g4 b3 40. Rb4 b2
41. Ke2 Rh1 0-1

[Event "74th South Island Chess Championship"]
[Site "Oamaru NZL"]
[Date "2023.09.30"]
[Round "7.16"]
[White "Anikonov, Artem"]
[Black "Rowe, Abigail"]
[Result "0-1"]
[WhiteElo "1721"]
[BlackElo "1412"]

1. e4 c5 2. Nf3 a6 3. d4 cxd4 4. Nxd4 e5 5. Nf3 Nf6 6. Nc3 Bb4 7. Bd3 d5 8. Qe2
d4 9. a3 Ba5 10. b4 dxc3 11. bxa5 Nc6 12. Bg5 Bg4 13. Qe3 Qxa5 14. h3 Bxf3 15.
Qxf3 Qd8 16. Bc4 Nd4 17. Qxc3 Rc8 18. Bxf6 gxf6 19. Qd3 Qc7 20. Bb3 Nxc2+ 21.
Bxc2 Qxc2 22. Qxc2 Rxc2 23. O-O Ke7 24. Rab1 b5 25. a4 Rc5 26. Rb3 Rhc8 27. Kh2
Rc3 28. Rfb1 Rxb3 29. Rxb3 Rc5 30. axb5 Rxb5 31. Ra3 a5 32. f3 Kd7 33. Kg3 Ke7
34. Kg4 Kf8 35. h4 Kg7 36. Kf5 h6 37. g4 a4 38. Rxa4 Rb3 39. g5 Rxf3+ 40. Kg4
Rf4+ 41. Kh5 hxg5 42. hxg5 f5 43. g6 fxg6+ 44. Kg5 Rg4# 0-1

[Event "74th South Island Chess Championship"]
[Site "Oamaru NZL"]
[Date "2023.09.30"]
[Round "7.18"]
[White "Loos, Rick"]
[Black "Bell, Daniel"]
[Result "1/2-1/2"]
[WhiteElo "1602"]
[BlackElo "1565"]

1. e4 c6 2. d4 d5 3. exd5 cxd5 4. Bd3 Nc6 5. c3 g6 6. Nf3 Bg4 7. O-O Bg7 8. Be3
Nf6 9. Nbd2 O-O 10. h3 Bxf3 11. Nxf3 Rc8 12. Ne5 Nxe5 13. dxe5 Nd7 14. f4 e6
15. Qe2 a6 16. Rac1 Nc5 17. Bb1 f5 18. exf6 Bxf6 19. Bxc5 Rxc5 20. Qxe6+ Kh8
21. Kh1 Re8 22. Qg4 Qc7 23. Qd1 d4 24. cxd4 Rxc1 25. Qxc1 Qxc1 26. Rxc1 Bxd4
27. b3 a5 28. Kh2 b6 29. Bd3 Rd8 30. Bc4 Be3 31. Rf1 Rd4 32. f5 gxf5 33. Rxf5
Bf4+ 34. Kg1 Rd1+ 35. Kf2 Bd6 36. Ke2 Ra1 37. a4 Ra2+ 38. Kf3 Bc5 39. Rg5 Rf2+
40. Kg3 Rf8 41. Kg4 Be3 42. Rf5 Rxf5 43. Kxf5 Kg7 44. g4 h6 45. Be6 Bg1 46. Bd7
Bc5 1/2-1/2

[Event "74th South Island Chess Championship"]
[Site "Oamaru NZL"]
[Date "2023.09.30"]
[Round "7.19"]
[White "Lee, Dylan E S"]
[Black "Ashe, Michael"]
[Result "0-1"]
[WhiteElo "1192"]
[BlackElo "1707"]

1. e4 c6 2. d4 d5 3. f3 Qb6 4. Nc3 dxe4 5. fxe4 h5 6. Bc4 Bg4 7. Nf3 e6 8. O-O
Be7 9. Rb1 Nd7 10. h3 Bxf3 11. Rxf3 Ne5 12. Rf1 Nxc4 13. b3 Nd6 14. e5 Nf5 15.
Ne2 O-O-O 16. c3 f6 17. exf6 Bxf6 18. Rxf5 exf5 19. Nf4 Ne7 20. Nxh5 c5 21.
Nxf6 gxf6 22. Qf3 cxd4 23. cxd4 Qc6 24. Qf2 Qd5 25. Be3 Kb8 0-1